Just Williams: history of FM (Record no. 84063)
[ view plain ]
| 000 -LEADER | |
|---|---|
| fixed length control field | 00794cab a22002055a 4500 |
| 001 - CONTROL NUMBER | |
| control field | L156537 |
| 008 - FIXED-LENGTH DATA ELEMENTS--GENERAL INFORMATION | |
| fixed length control field | 120606e2012 xxk 000 0 eng d |
| 035 ## - SYSTEM CONTROL NUMBER | |
| System control number | (Sirsi) u156537 |
| 041 0# - LANGUAGE CODE | |
| Language code of text/sound track or separate title | eng |
| 100 1# - MAIN ENTRY--PERSONAL NAME | |
| Personal name | Varcoe, Barry |
| 245 00 - TITLE STATEMENT | |
| Title | Just Williams: history of FM |
| Medium | [electronic resource] |
| 260 ## - PUBLICATION, DISTRIBUTION, ETC. | |
| Date of publication, distribution, etc. | 2012 |
| 490 #0 - SERIES STATEMENT | |
| Series statement | FM World Online |
| Volume/sequential designation | 17 May 2012 |
| 520 ## - SUMMARY, ETC. | |
| Summary, etc. | Bernard Williams' seminal texts helped define the nascent UK facilities management sector in the 1970s. He discusses his career in an interview with FM consultant Barry Varcoe. |
| 590 ## - LOCAL NOTE (RLIN) | |
| Local note | KA |
| 651 #4 - SUBJECT ADDED ENTRY--GEOGRAPHIC NAME | |
| Geographic name | United Kingdom |
| 690 ## - LOCAL SUBJECT ADDED ENTRY--TOPICAL TERM (OCLC, RLIN) | |
| Topical term or geographic name as entry element | Facilities management |
| 9 (RLIN) | 6240 |
| 856 40 - ELECTRONIC LOCATION AND ACCESS | |
| Uniform Resource Identifier | <a href="https://www.fm-world.co.uk/features/interviews/just-williams-history-of-fm/?locale=en">https://www.fm-world.co.uk/features/interviews/just-williams-history-of-fm/?locale=en</a> |
| Public note | View the article at www.fm-world.co.uk |
| 942 ## - ADDED ENTRY ELEMENTS (KOHA) | |
| Suppress in OPAC | 0 |
| Withdrawn status | Lost status | Source of classification or shelving scheme | Damaged status | Not for loan | Home library | Current library | Shelving location | Date acquired | Total Checkouts | Full call number | Barcode | Date last seen | Price effective from | Koha item type |
|---|---|---|---|---|---|---|---|---|---|---|---|---|---|---|
| Dewey Decimal Classification | Virtual | Virtual | Online | 03/06/2012 | ONLINE PUBLICATION | 156537-2001 | 06/08/2019 | 06/08/2019 | Journal |